Volcanism and global environmental change (Record no. 61372)

MARC details
000 -LEADER
fixed length control field 00862nam a2200229 a 4500
008 - FIXED-LENGTH DATA ELEMENTS--GENERAL INFORMATION
fixed length control field 200709s9999 ||||||||||||||||| || u
020 ## - INTERNATIONAL STANDARD BOOK NUMBER
International Standard Book Number 9781107633544
050 ## - LIBRARY OF CONGRESS CALL NUMBER
Classification number QE 522 Vol
100 ## - MAIN ENTRY--PERSONAL NAME
Personal name Elkins-Tanton, Linda T
245 10 - TITLE STATEMENT
Title Volcanism and global environmental change
Statement of responsibility, etc. By Anja Schmidt, Kirsten E. Fristad and Linda T. Elkins-Tanton
260 ## - PUBLICATION, DISTRIBUTION, ETC.
Place of publication, distribution, etc. Cambridge
300 ## - PHYSICAL DESCRIPTION
Extent xi, 324 pages : illustrations
650 ## - SUBJECT ADDED ENTRY--TOPICAL TERM
Topical term or geographic name entry element PALEOGEOGRAPHY
650 ## - SUBJECT ADDED ENTRY--TOPICAL TERM
Topical term or geographic name entry element VOLCANISM--ENVIRONMENTAL ASPECTS
650 ## - SUBJECT ADDED ENTRY--TOPICAL TERM
Topical term or geographic name entry element VOLCANOES--ENVIRONMENTAL ASPECTS
650 #0 - SUBJECT ADDED ENTRY--TOPICAL TERM
Topical term or geographic name entry element GLOBAL ENVIRONMENTAL CHANGE
650 ## - SUBJECT ADDED ENTRY--TOPICAL TERM
Topical term or geographic name entry element PALEOCLIMATOLOGY
650 ## - SUBJECT ADDED ENTRY--TOPICAL TERM
Topical term or geographic name entry element VOLCANISM
700 ## - ADDED ENTRY--PERSONAL NAME
Personal name Schmidt, Anja
700 ## - ADDED ENTRY--PERSONAL NAME
Personal name Fristad, Kirsten E
995 ## - RECOMMENDATION 995 [LOCAL, UNIMARC FRANCE]
-- 34.39
-- CBU-MAIN LIBRARY (Kitwe)
-- 1
-- AVAILABLE
-- Jul 15, 2020
-- Main Library Open Access Collection
Holdings
Withdrawn status Lost status Source of classification or shelving scheme Damaged status Not for loan Home library Current library Shelving location Date acquired Total Checkouts Full call number Barcode Date last seen Price effective from Koha item type
          CBU-MAIN LIBRARY, KITWE. CBU-MAIN LIBRARY, KITWE.   11/30/2022   QE 522 Vol 750289 11/30/2022 11/30/2022 MONOGRAPH